Statistiques concernant Personnage Hunter x Hunter

Cliquez ici pour prendre le quiz!

Statistiques générales

  • Ce quiz a été pris 41 fois
    (35 depuis la dernière actualisation)
  • Le résultat moyen est 59 sur 161

Statistiques - réponses

Personnage% Correct
1Gon
100%
3Kurapika
100%
4Leolio
100%
2Zoldick Kirua
100%
8Hisoka
96%
121Meruem
88%
61Feitan
85%
59Kuroro Lucifer
85%
93Biscuit
81%
5Ging
81%
122Neferpito
77%
35Netero Isaac
77%
9Zoldick Irumi
77%
107Kaito
73%
123Shaupfufu
73%
70Uvoguine
73%
124Montutuyupi
69%
42Zoldick Aruka
69%
37Zoldick Silva
69%
115Knuckle
65%
6Mito
65%
60Nobunaga
65%
40Zoldick Miruki
65%
38Zoldick Zeno
65%
10Hanzo
62%
64Phinks
62%
67Shizuku
62%
11Tompa
62%
53Zushi
62%
62Machi
58%
116Morau
58%
68Pakunoda
58%
54Wing
58%
41Zoldick Karuto
58%
66Franklin
54%
114Nov
54%
117Pamu
54%
144Pariston Hill
54%
65Sharnalk
54%
47Kanaria
50%
58Kastro
50%
125Koruto
50%
131Meleoron
50%
26Menchi
50%
45Nanika
50%
81Nostrade Neon
50%
145Cheadle
46%
96Genthru
46%
130Ikarugo
46%
102Razor
46%
118Shoot
46%
48Goto
42%
71Korutopi
42%
52Mike
42%
19Ponzu
42%
25Satotsu
42%
83Senritsu
42%
50Tsubone
42%
39Zoldick Kikyo
42%
44Zoldick Maha
42%
46Amane
38%
27Buhara
38%
105Elena
38%
119Komugi
38%
98Tsezugera
38%
12Amori
35%
94Binolt
35%
69Bonorenof
35%
103Dwun
35%
55Guido
35%
13Imori
35%
150Kanzai
35%
132Leoru
35%
15Nicolas
35%
80Nostrade Light
35%
24Pokkuru
35%
14Umori
35%
90Zepairu
35%
43Zoldick Zzigg
35%
85Basho
31%
92Battera
31%
36Beans
31%
17Bodoro
31%
148Geru
31%
97Goreinu
31%
151Mizaistom
31%
152Piyon
31%
57Sadaso
31%
141Werefin
31%
129Zazan
31%
51Zebulo
31%
18Barbon
27%
49Ciquento
27%
82Darzolne
27%
104Eather
27%
7Freecs Abe
27%
106List
27%
63Omokage
27%
56Riluberto
27%
28Rippo
27%
154Saiyu
27%
84Sukuwara
27%
86Vezze
27%
95Abengane
23%
143Bizev
23%
146Botobai
23%
133Burovuta
23%
134Djido
23%
78Sangsue
23%
149Ginta
23%
142Jairo
23%
147Kurukku
23%
127Pegui
23%
137Ramotto
23%
109Rin Kôshi
23%
88Rinsen
23%
76Porc-épic
19%
138Furatta
19%
16Gereta
19%
120Reine (Kimera Ants)
19%
87Saccimonno toccino
19%
108Banana Kavaro
15%
155Bushidora
15%
75Chien enragé
15%
77Chouette
15%
31Jonès
15%
158Loupe Highland
15%
33Majitani
15%
72Pairo
15%
153Sachho
15%
74Ver de terre
15%
30Bendotto
12%
101Kesû
12%
91Mizuken
12%
34Sedokan
12%
156Teradin Neutral
12%
23Todo
12%
128Yunju
12%
21Agon
8%
135Ant Alligator
8%
99Barry
8%
126Bihorn
8%
157Cutie Beauty
8%
89Elisa
8%
139Hina
8%
32Leluto
8%
136Paiku
8%
111Podongo Lapoy
8%
20Somi
8%
112Spinna Crô
8%
113Stick Dinner
8%
79Zenji
8%
140Ant Koala
4%
22Gozut
4%
110Monta Yuras
4%
159Rinne Hors-d'oeuvre
4%
100Rodoriotto
4%
160Sanbika Norton
4%
73Sheila
4%
29Togarit
4%
161Ickshonpay
0%

Distribution des résultats

Percentile par nombre de réponses

% des personnes avec chaque résultat

Votre développement - résultats

Vous n’avez pas pris ce quiz depuis la dernière actualisation